00918nam a2200229 i 4500001000700000003000900007005001700016007000300033008004100036100002500077245015400102260003800256300002800294490003800322505015700360700003000517700002400547700002600571710002900597830003800626852002400664148802ES-MaACL20250707074238.0t|070214m19481952po r ||||1| por d1 aSuárez, Francisco.10aConselhos e pareceres / cFrancisco Suárez, Doctor Eximius ; [edición preparada por Manuel Lopes de Almeida, Mario Brandao, Joaquim de Carvalho]. aCoimbra : bUniversidade, c1948. a2 t. en 3 v. ; c26 cm.1 aActa Universitatis Conimbrigensis8 aContiene: Consilia Moralis Doctoris Francisco Suares Granatensis e Societati Jesu iu Regali Conimbricensi Academia Sacrae Theologiae Primario Professore1 aLopes de Almeida, Manuel.1 aBrandão, Mário.1 aCarvalho, Joaquim de.2 aUniversidade de Coimbra.00aActa Universitatis Conimbrigensis aES-MaACLjP-653-Bis